| 000 | 00367nam a22001457a 4500 | ||
|---|---|---|---|
| 082 | _aT-132 | ||
| 100 |
_aMajor Faisal Mubarik Shabbir _948191 |
||
| 245 | _aSinking of AM - 50 bridge | ||
| 260 |
_aRisalpur _bMCE _c2002 |
||
| 300 | _avi, 118 p: | ||
| 526 |
_a0 _b0 _c0 _dT_132 |
||
| 650 | _aProject | ||
| 700 |
_aMajor Faisal Mubarik Shabbir _948191 |
||
| 942 |
_2ddc _cBK |
||
| 999 |
_c551204 _d551204 |
||